The politics of ecology ; the question of survival /

Bibliographic Details
Main Author: Huxley, Aldous, 1894-1963
Format: Book
Language:English
Published: [Santa Barbara, Calif.] : Center for the Study of Democratic Institutions, [1963]
Series:Occasional papers (Center for the Study of Democratic Institutions)
Subjects:

MARC

Tag First Indicator Second Indicator Subfields
LEADER 00000cam a2200000 4500
001 in00000020357
005 20151007053907.0
008 740304s1965 cau 00010 eng u
010 |a  63039435  
035 |a (OCoLC)00819047 
035 |9 AAB3222AM 
040 |c BAN  |d m.c.  |d OCL  |d TXA  |d UtOrBLW 
049 |a TXAM  |c [A11100802] 
050 0 0 |a CB151  |b .H85 
050 4 |a CB151  |b .H85 1965 
100 1 |a Huxley, Aldous,  |d 1894-1963. 
245 1 4 |a The politics of ecology ;  |b the question of survival /  |c Aldous Huxley. 
264 1 |a [Santa Barbara, Calif.] :  |b Center for the Study of Democratic Institutions,  |c [1963] 
264 3 |c 1965 printing 
300 |a 7 pages ;  |c 28 cm. 
336 |a text  |b txt  |2 rdacontent 
337 |a unmediated  |b n  |2 rdamedia 
338 |a volume  |b nc  |2 rdacarrier 
490 1 |a Occasional papers / Center for the Study of Democratic Institutions 
500 |a Cover title. 
650 0 |a Science and civilization. 
830 0 |a Occasional papers (Center for the Study of Democratic Institutions) 
999 |a MARS 
999 f f |s 295ce516-7699-3625-b1df-c0e51ab22f3b  |i 0c03078f-bc7d-3a91-a53c-bbc87ef2a217  |t 0 
952 f f |p ric  |a Texas A&M University  |b Rellis Campus  |c Joint Library Facility  |d Remote Storage  |t 0  |e CB151 .H85 1965  |h Library of Congress classification  |i unmediated -- volume  |m A14811100802 
998 f f |a CB151 .H85 1965  |t 0  |l Remote Storage